00572nam a22001697a 450000500170000001000130001702000260003003500110005603700130006708200070008010000430008724500900013024600510022026000510027127000570032230000230037920211207151057.0 aUR-11353 c200.00a9789390533909 aU-9908 bDBAD/PUB aک aر خشند ہ ر و حی مہند ی  aما نسو ن ا سٹو ر ( ا فسا نے)cر خشند ہ ر و حی مہند ی  aMonsoon Store(Urdu)bby Rakhshanda Roohi Mehdi aN.Delhic2021 ءbEducational Publishing House aD1/16,Ansari Road,Darya Ganj,bNew Delhie110002l - a167 ص c22 Cm(Hb)